000 00432nam a2200145Ia 4500
008 090124s9999 xx 000 0 und d
082 _b401489
245 _a प्रियदर्शिनी
250 _a1
260 _bजोशी महादेवशास्त्री
_c1977
300 _a101
630 _a प्रियदर्शिनी
730 _a प्रियदर्शिनी
942 _cBOOK
999 _c197873
_d197873